000 00725nam a2200193Ia 4500
001 11841
003 GE_BSU
008 181216s||||||||xx |||||||||||||| ||und||
040 _cGE_BSU
080 _a58(063)
245 _aАктуальные вопросы ботаники в СССР: тезисы докладов VIII делегатского съезда всесоюзного общества
245 _cРед.колл.Л.Н.Андреев и др. [Ред.А.Н.Ведерникова. Д.Ф.Русанова]
260 _aАлма-Ата
260 _bНаука
260 _c1988
300 _a590стр.25см.
653 _aАктуальные вопросы ботаники в СССР
942 _cBK
999 _c45020
_d45020